| 000 | 00883cam a22002777a 4500 | ||
|---|---|---|---|
| 999 |
_c13327 _d13327 |
||
| 001 | 4955379 | ||
| 003 | EG-ScBUE | ||
| 005 | 20200114115136.0 | ||
| 008 | 960912r19611958nyu f 000 f eng d | ||
| 040 |
_aDLC _beng _erda _cDLC _dEG-ScBUE |
||
| 082 | 0 | 4 |
_a823.912 _bDUR _222 |
| 100 | 1 |
_aDurrell, Lawrence, _eauthor. _911148 |
|
| 245 | 1 | 0 |
_aMountolive : _ba novel / _cby Lawrence Durrell. |
| 250 | _aFourth printing. | ||
| 264 | 1 |
_aNew York : _bE. P. Dutton and Co., Inc., _c1961. |
|
| 300 |
_a320 pages ; _c15 cm |
||
| 336 |
_2rdacontent _atext _btxt |
||
| 337 |
_2rdamedia _aunmediated _bn |
||
| 338 |
_2rdacarrier _avolume _bnc |
||
| 590 | _amahmoud sami | ||
| 650 | 7 |
_aDiplomats _zEgypt _zAlexandria _vFiction. _2BUEsh _911139 |
|
| 653 |
_bHHUUEENN _cJanuary2020 |
||
| 655 | _vReading book | ||
| 942 |
_2ddc _cBB |
||